000 00341nam a2200145Ia 4500
008 191201s2008 xx 000 0 und d
082 _a659.1
_bLAA
100 _aLANE, Ronald W
245 0 _aKleppner's Advertising Procedure
250 _a1st IMP
260 _aN. Delhi
_bPearson
_c2008
300 _a782
650 _aBBA
942 _2ddc
_cBK
999 _c4494
_d4494